MINE SAFETY : A MODERN APPROACH (Record no. 8895)

MARC details
000 -LEADER
fixed length control field 00406nam a22001697a 4500
005 - DATE AND TIME OF LATEST TRANSACTION
control field 20251010115532.0
008 - FIXED-LENGTH DATA ELEMENTS--GENERAL INFORMATION
fixed length control field 251008b |||||||| |||| 00| 0 eng d
020 ## - INTERNATIONAL STANDARD BOOK NUMBER
ISBN 978-1-4471-2556-3
041 ## - LANGUAGE CODE
Language code of text/sound track or separate title eng
082 ## - DEWEY DECIMAL CLASSIFICATION NUMBER
Classification number 622.8DHI-M
100 ## - MAIN ENTRY--AUTHOR NAME
Personal name DHILLON, B S.
245 ## - TITLE STATEMENT
Title MINE SAFETY : A MODERN APPROACH
260 ## - PUBLICATION, DISTRIBUTION, ETC. (IMPRINT)
Place of publication LONDON
Name of publisher SPRINGER
Year of publication 2010
300 ## - PHYSICAL DESCRIPTION
Number of Pages 186;P
650 ## - SUBJECT ADDED ENTRY--TOPICAL TERM
Topical Term MINING
942 ## - ADDED ENTRY ELEMENTS (KOHA)
Koha item type Books
Holdings
Lost status Damaged status Collection code Home library Current library Date acquired Source of acquisition Cost, normal purchase price Serial Enumeration / chronology Full call number Accession Number Koha item type
    MINING JRU Library JRU Library 08/10/2025 PURCHASE 15749.00 LBI/000779, DATE-4-10-2025 622.8 28970 Books